[Event "C.to Provinciale BG"]
[Site "Treviglio ITA"]
[Date "2014.01.19"]
[Round "2"]
[White "Filice, Davide"]
[Black "Leoni, Livio"]
[WhiteElo "1783"]
[BlackElo "2052"]
[Result "1/2-1/2"]
[PlyCount "85"]
[EventDate "2014.01.18"]

1. e4 c5 2. Nf3 e6 3. d3 d6 4. g3 b6 5. Bg2 Bb7 6. O-O Nf6 7. Nbd2 Be7 8. c3
O-O 9. Nh4 Nfd7 10. Nhf3 Nc6 11. d4 Nf6 12. Re1 Rc8 13. a3 Qc7 14. b4 cxd4 15.
cxd4 Nb8 16. Re3 Nbd7 17. Ne1 Qb8 18. Bb2 Qa8 19. f3 a6 20. Bh3 Rc7 21. Rc1
Rfc8 22. Rec3 Rxc3 23. Rxc3 Rxc3 24. Bxc3 b5 25. Qb3 Nb6 26. Nc2 Qb8 27. Kf2
Qc7 28. Ne3 Na4 29. Bb2 g6 30. Ke2 d5 31. e5 Nd7 32. Bf1 Ndb6 33. Kd1 Bc6 34.
Bc1 Nc4 35. f4 a5 36. Nc2 axb4 37. axb4 Qa7 38. Nf3 Nab6 39. Nfe1 Qa4 40. Qb1
Qa8 41. Nd3 Na4 42. Qb3 Nab6 43. Nc5 1/2-1/2

[Event "C.to Provinciale BG"]
[Site "Treviglio ITA"]
[Date "2014.01.19"]
[Round "2"]
[White "Foglieni, Matteo"]
[Black "Cattaneo, Marco"]
[WhiteElo "1853"]
[BlackElo "2129"]
[Result "1/2-1/2"]
[PlyCount "45"]
[EventDate "2014.01.18"]

1. Nf3 g6 2. g3 Bg7 3. Bg2 d6 4. O-O Nc6 5. c4 e5 6. Nc3 f5 7. d3 Nf6 8. Rb1
O-O 9. b4 h6 10. b5 Ne7 11. Qc2 g5 12. c5 Be6 13. Ba3 Rf7 14. e4 f4 15. Nd2 Qd7
16. Rfc1 fxg3 17. hxg3 Bh3 18. Nc4 Bxg2 19. Kxg2 Ng4 20. f3 d5 21. fxg4 dxc4
22. dxc4 Raf8 23. Rf1 1/2-1/2

[Event "C.to Provinciale BG"]
[Site "Treviglio ITA"]
[Date "2014.01.19"]
[Round "2"]
[White "Folcini, Gaddo"]
[Black "Catalano, Piero"]
[WhiteElo "1579"]
[BlackElo "1700"]
[Result "1/2-1/2"]
[PlyCount "100"]
[EventDate "2014.01.18"]

1. e4 c5 2. d4 cxd4 3. c3 dxc3 4. Bc4 e6 5. Nf3 Qc7 6. Bd3 cxb2 7. Bxb2 Bb4+ 8.
Nbd2 Nf6 9. O-O Bxd2 10. Qxd2 Qd8 11. Bxf6 Qxf6 12. e5 Qe7 13. Ng5 Nc6 14. f4
f6 15. exf6 gxf6 16. Nxh7 Rxh7 17. Bg6+ Kf8 18. Bxh7 Qxh7 19. Rf3 a5 20. Rh3
Qg7 21. Qd6+ Ne7 22. Rc1 Ke8 23. Rcc3 Ra6 24. Qd1 d5 25. Rcg3 Qf8 26. Rh7 Nf5
27. Rgh3 Qc5+ 28. Kh1 Rc6 29. Qh5+ Kd8 30. Rh8+ Kc7 31. Rxc8+ Kxc8 32. Qe8+ Kc7
33. Rh7+ Kb6 34. Qd8+ Rc7 35. h3 Qc1+ 36. Kh2 Qxf4+ 37. Kg1 Qc1+ 38. Kh2 Qc3
39. Rf7 Qe5+ 40. Kg1 Ng3 41. Rd7 Qe1+ 42. Kh2 Nf1+ 43. Kg1 Ne3+ 44. Kh2 Qc3 45.
Rd6+ Ka7 46. Rxe6 f5 47. Rxe3 Qxe3 48. Qxc7 Qd2 49. Qc5+ Kb8 50. Qf8+ Ka7
1/2-1/2

[Event "C.to Provinciale BG"]
[Site "Treviglio ITA"]
[Date "2014.01.19"]
[Round "2"]
[White "Guerini, Sara"]
[Black "Andolfatto, Maria"]
[WhiteElo "1754"]
[BlackElo "1493"]
[Result "0-1"]
[PlyCount "124"]
[EventDate "2014.01.18"]

1. e4 e5 2. Nf3 Nc6 3. Bc4 Bc5 4. c3 Nf6 5. d4 exd4 6. e5 Ng8 7. O-O d5 8. exd6
Qxd6 9. Ng5 Be6 10. Ne4 Qe5 11. Re1 O-O-O 12. Ng5 Qf6 13. Bxe6+ fxe6 14. Nxe6
dxc3 15. Qe2 Rd5 16. Nxc5 Rxc5 17. Qg4+ Rf5 18. Nxc3 h5 19. Qd1 Nge7 20. Be3
Rd8 21. Qc2 Nd5 22. Rad1 Nxe3 23. Rxd8+ Kxd8 24. Qd3+ Kc8 25. Rxe3 Qf8 26. f3
g6 27. Re4 Qd8 28. Qxd8+ Kxd8 29. Kf2 Kd7 30. Ke3 a6 31. Ne2 Rb5 32. b3 Rc5 33.
Rc4 Rxc4 34. bxc4 Kd6 35. Nf4 Ne7 36. Kd4 c5+ 37. Ke4 b5 38. Kd3 Ke5 39. Ne2
Nf5 40. f4+ Ke6 41. Nc3 Nd6 42. cxb5 axb5 43. h3 Kf5 44. g3 b4 45. Nd5 Ke6 46.
Ne3 Kd7 47. g4 hxg4 48. hxg4 Kc6 49. Nc4 Nf7 50. Ke4 Nd6+ 51. Nxd6 Kxd6 52. f5
gxf5+ 53. gxf5 c4 54. Kd4 c3 55. Kd3 Ke5 56. f6 Kxf6 57. a4 Ke6 58. Kc2 Kd6 59.
Kd3 Kc5 60. Kc2 Kb6 61. a5+ Kxa5 62. Kb3 Kb5 0-1

[Event "C.to Provinciale BG"]
[Site "Treviglio ITA"]
[Date "2014.01.18"]
[Round "2"]
[White "Locatelli, Andrea"]
[Black "Bonassi, Tommaso"]
[WhiteElo "2110"]
[BlackElo "1953"]
[Result "1/2-1/2"]
[PlyCount "52"]
[EventDate "2014.01.18"]

1. e4 c5 2. Nf3 d6 3. d4 cxd4 4. Nxd4 Nf6 5. Nc3 a6 6. Bc4 e6 7. Bb3 Nbd7 8.
O-O Nc5 9. Qe2 Be7 10. Rd1 Qc7 11. Nf3 Nxb3 12. axb3 O-O 13. e5 dxe5 14. Nxe5
Bd7 15. Bf4 Qc8 16. Nxd7 Nxd7 17. Bd6 Bxd6 18. Rxd6 Qc7 19. Rad1 Nf6 20. Qc4
Rac8 21. Qxc7 Rxc7 22. f3 h6 23. R1d2 Rfc8 24. Rd8+ Rxd8 25. Rxd8+ Kh7 26. Rd2
Kg8 1/2-1/2

[Event "C.to Provinciale BG"]
[Site "Treviglio ITA"]
[Date "2014.01.19"]
[Round "2"]
[White "Oteri, Aldo"]
[Black "Ferrari, Paolo"]
[WhiteElo "1799"]
[BlackElo "1661"]
[Result "0-1"]
[PlyCount "68"]
[EventDate "2014.01.18"]

1. e4 c5 2. Nf3 d6 3. d4 cxd4 4. Nxd4 Nf6 5. Nc3 g6 6. Be3 Bg7 7. f3 O-O 8. Qd2
Nc6 9. O-O-O d5 10. e5 Nxe5 11. Bf4 Nc6 12. Ndb5 e5 13. Bg5 Be6 14. Bxf6 Qxf6
15. Nxd5 Bxd5 16. Nc7 Rad8 17. Qc3 Bh6+ 18. Kb1 Bxa2+ 19. Kxa2 Rxd1 20. g3 Bg7
21. Bg2 Rxh1 22. Bxh1 e4 23. Qxf6 Bxf6 24. fxe4 Be5 25. Nd5 Rd8 26. b4 b5 27.
c3 Kf8 28. Kb3 Ne7 29. c4 bxc4+ 30. Kxc4 Nxd5 31. exd5 Bd6 32. Kb5 Rb8+ 33. Ka6
Rxb4 34. Kxa7 Rb2 0-1

[Event "C.to Provinciale BG"]
[Site "Treviglio ITA"]
[Date "2014.01.19"]
[Round "2"]
[White "Raimondi, Celso"]
[Black "Acunzo, Domenico"]
[WhiteElo "1666"]
[BlackElo "1730"]
[Result "1-0"]
[PlyCount "114"]
[EventDate "2014.01.18"]

1. d4 e6 2. c4 f5 3. g3 Nf6 4. Bg2 d5 5. cxd5 exd5 6. Nh3 Be7 7. Nd2 O-O 8. Nf4
c6 9. O-O Na6 10. Nf3 Nc7 11. Nd3 Ne4 12. Bf4 Ne6 13. Be5 Nd6 14. b3 Nf7 15.
Rc1 Nxe5 16. Ndxe5 f4 17. e3 fxg3 18. hxg3 Ng5 19. Nxg5 Bxg5 20. f4 Be7 21. g4
Qd6 22. g5 Bf5 23. Qh5 Qe6 24. Rf3 Bd6 25. Bh3 Bxe5 26. dxe5 Rad8 27. Rd1 Bxh3
28. Rxh3 Qg6 29. Qxg6 hxg6 30. Kf2 c5 31. Rdh1 Kf7 32. Rh7 Rd7 33. R1h6 Re8 34.
Rh1 b5 35. Rh8 Rxh8 36. Rxh8 c4 37. Rc8 a5 38. Rc5 cxb3 39. axb3 Rb7 40. Rxd5
a4 41. bxa4 b4 42. Rd1 b3 43. Rb1 b2 44. Ke2 Ke6 45. Kd2 Kd5 46. Kc2 Ke4 47.
Rxb2 Ra7 48. Rb4+ Kxe3 49. Kc3 Rc7+ 50. Rc4 Rf7 51. a5 Ra7 52. Ra4 Kf3 53. a6
Kg4 54. e6 Kf5 55. e7 Rxe7 56. a7 Rxa7 57. Rxa7 Kxf4 1-0

[Event "C.to Provinciale BG"]
[Site "Treviglio ITA"]
[Date "2014.01.19"]
[Round "2"]
[White "Rossetti, Dario"]
[Black "Ranfagni, Stefano"]
[WhiteElo "1431"]
[BlackElo "2005"]
[Result "0-1"]
[PlyCount "92"]
[EventDate "2014.01.18"]

1. d4 e6 2. Nf3 f5 3. Nc3 Nf6 4. Bd2 d5 5. Ne5 Nbd7 6. e3 Nxe5 7. dxe5 Ne4 8.
Bd3 Bd7 9. O-O Nxd2 10. Qxd2 Bc6 11. Bb5 Bxb5 12. Nxb5 c6 13. Nc3 Qc7 14. f4
O-O-O 15. Ne2 Qb6 16. c3 Be7 17. Kh1 h5 18. a4 c5 19. Rfb1 h4 20. b4 cxb4 21.
cxb4 h3 22. g3 Kb8 23. Qd4 Qxd4 24. Nxd4 Rh6 25. b5 Bc5 26. a5 Rc8 27. Rb3 Bxd4
28. exd4 Rc4 29. Rd1 Rh8 30. b6 a6 31. Rg1 Rxd4 32. Rc3 Rc8 33. Rc7 Rxc7 34.
bxc7+ Kxc7 35. Rc1+ Rc4 36. Rb1 d4 37. Kg1 d3 38. Rd1 Rd4 39. Kf2 d2 40. Ke2
Kc6 41. Rxd2 Rxd2+ 42. Kxd2 Kb5 43. Ke3 Kxa5 44. Kf3 b5 45. g4 g6 46. gxf5 gxf5
0-1

[Event "C.to Provinciale BG"]
[Site "Treviglio ITA"]
[Date "2014.01.19"]
[Round "2"]
[White "Sorbera, Paolo"]
[Black "Colonetti, Fabio"]
[WhiteElo "1696"]
[BlackElo "1475"]
[Result "0-1"]
[PlyCount "180"]
[EventDate "2014.01.18"]

1. e4 Nf6 2. e5 Nd5 3. d4 d6 4. Nf3 g6 5. Bc4 Nb6 6. Bb3 Bg7 7. O-O O-O 8. Bf4
Nc6 9. exd6 cxd6 10. c3 d5 11. Qe2 Bf5 12. a3 Na5 13. Ba2 Nac4 14. b3 Na5 15.
Nbd2 Rc8 16. Qb5 Nc6 17. Rac1 a6 18. Qe2 Bg4 19. h3 Bxf3 20. Nxf3 e6 21. h4 Qe7
22. a4 Na5 23. Qd2 Qa3 24. Rb1 Qe7 25. Rfc1 Nc6 26. Qe3 Bf6 27. h5 Nd7 28. b4
Nb6 29. Bb3 Nc4 30. Bxc4 dxc4 31. hxg6 fxg6 32. Ng5 Bxg5 33. Bxg5 Qf7 34. Bh6
Rfe8 35. Re1 Rcd8 36. b5 axb5 37. axb5 Na5 38. Qe4 Qf5 39. Qh4 Rd5 40. b6 Qh5
41. Qxh5 Rxh5 42. Bf4 Rf5 43. Re4 Nc6 44. Rbe1 Kf7 45. g4 Rb5 46. Bc7 Rb3 47.
R1e3 Rb5 48. Rf3+ Kg7 49. Ref4 Rg5 50. Rf7+ Kg8 51. R7f4 h5 52. Rg3 Rf8 53.
Rxf8+ Kxf8 54. Kh2 Rxg4 55. Rxg4 hxg4 56. Kg3 Kf7 57. Kxg4 Kf6 58. Kf4 Kf7 59.
Ke4 Kf6 60. d5 Na5 61. d6 Nc6 62. f4 Kf7 63. Kf3 e5 64. fxe5 Nxe5+ 65. Kf4 Nd7
66. Ke4 Ke6 67. Kf4 Kf6 68. Bd8+ Ke6 69. Be7 Nxb6 70. Kg5 Nd5 71. Kxg6 Nxe7+
72. dxe7 Kxe7 73. Kf5 Kd6 74. Ke4 Kc5 75. Ke3 b5 76. Kd2 Kd5 77. Ke3 Ke5 78.
Kf3 Kd5 79. Ke3 Kc5 80. Kd2 Kb6 81. Kc2 Ka6 82. Kb2 Ka5 83. Ka3 Kb6 84. Kb2 Kc6
85. Kc2 Kd6 86. Kd2 Kc6 87. Kc2 Kc5 88. Kb2 Kd5 89. Kc2 Ke4 90. Kd2 Kf3 0-1

[Event "C.to Provinciale BG"]
[Site "Treviglio ITA"]
[Date "2014.01.19"]
[Round "2"]
[White "Ventura, Salvatore"]
[Black "Mansueti, Marco"]
[WhiteElo "2045"]
[BlackElo "1865"]
[Result "1-0"]
[PlyCount "91"]
[EventDate "2014.01.18"]

1. e4 e5 2. Nf3 Nc6 3. Bb5 Nf6 4. d3 d6 5. c3 g6 6. O-O Bg7 7. Re1 O-O 8. Bg5
a6 9. Ba4 b5 10. Bc2 Bb7 11. a4 h6 12. Bd2 d5 13. axb5 axb5 14. Na3 Ba6 15. b4
Qd6 16. Be3 d4 17. cxd4 exd4 18. Bd2 Nd7 19. Rb1 Rab8 20. Bb3 Kh7 21. Ba2 Nde5
22. Nxe5 Bxe5 23. g3 g5 24. Rf1 f5 25. f4 gxf4 26. gxf4 Bh8 27. e5 Nxe5 28.
fxe5 Rg8+ 29. Bxg8+ Rxg8+ 30. Kf2 Qxe5 31. Qf3 Qxh2+ 32. Ke1 Qe5+ 33. Kd1 Bc8
34. Bf4 Qe6 35. Rb2 Qa6 36. Nc2 Bb7 37. Qh5 Qf6 38. Ne1 Rg4 39. Re2 Bg7 40. Be5
Qe6 41. Qxf5+ Qxf5 42. Rxf5 Bc8 43. Rf7 Rg6 44. Rxg7+ Rxg7 45. Bxg7 Kxg7 46.
Re7+ 1-0

[Event "C.to Provinciale BG"]
[Site "Treviglio ITA"]
[Date "2014.01.19"]
[Round "2"]
[White "Villa, Giorgio"]
[Black "Guerini, Silvia jr"]
[WhiteElo "1963"]
[BlackElo "1823"]
[Result "1/2-1/2"]
[PlyCount "115"]
[EventDate "2014.01.18"]

1. Nf3 d5 2. d4 Nf6 3. c4 e6 4. Bg5 Be7 5. e3 Nbd7 6. Nc3 a6 7. Rc1 O-O 8. Qc2
Re8 9. cxd5 exd5 10. Bd3 c6 11. O-O h6 12. Bh4 Ne4 13. Bxe7 Qxe7 14. a3 Ndf6
15. Ne5 Nxc3 16. Qxc3 Ng4 17. Nxg4 Bxg4 18. b4 Qg5 19. Rfe1 Bf5 20. Bxf5 Qxf5
21. a4 Rac8 22. Qb2 Qd7 23. Rc5 b5 24. axb5 axb5 25. Rec1 Rc7 26. Qc3 Rec8 27.
g3 Qd6 28. Ra1 Qd7 29. Ra6 Kf8 30. Qc2 Kg8 31. Qa2 Kh7 32. Rc1 Qe7 33. Qc2+ Kg8
34. Qc3 Qd7 35. Qc5 g6 36. Rca1 Kg7 37. Kg2 Qe8 38. h4 h5 39. Ra7 Qd7 40. R1a6
Rxa7 41. Rxa7 Rc7 42. Ra8 Rc8 43. Qa7 Qf5 44. Rxc8 Qxc8 45. Qe7 Qa8 46. Qe5+
Kg8 47. Qf6 Qe8 48. Qd6 Qe4+ 49. Kg1 Qb1+ 50. Kg2 Qe4+ 51. Kh2 Qc2 52. Qb8+ Kg7
53. Qe5+ Kg8 54. Kg2 Qc3 55. Qd6 Qc2 56. Qc5 Qe4+ 57. Kf1 Qe6 58. Kg2 1/2-1/2

[Event "C.to Provinciale BG"]
[Site "Treviglio ITA"]
[Date "2014.01.19"]
[Round "3"]
[White "Acunzo, Domenico"]
[Black "Sorbera, Paolo"]
[WhiteElo "1730"]
[BlackElo "1696"]
[Result "0-1"]
[PlyCount "102"]
[EventDate "2014.01.18"]

1. e4 e5 2. f4 d5 3. exd5 e4 4. d3 Nf6 5. dxe4 Nxe4 6. Nf3 Bc5 7. Qe2 O-O 8.
Qxe4 Re8 9. Ne5 f6 10. Bc4 Bd6 11. Bd3 g6 12. Be3 fxe5 13. f5 Bxf5 14. Qc4 e4
15. Be2 Nd7 16. Nc3 Qh4+ 17. Kd2 Nb6 18. Qb3 Rad8 19. Raf1 Be5 20. Kc1 Bd6 21.
g3 Qe7 22. Bf4 Bxf4+ 23. Rxf4 Kh8 24. h4 Qe5 25. h5 g5 26. Rf2 e3 27. Rg2 Nxd5
28. Nxd5 Rxd5 29. Rd1 Red8 30. Rxd5 Rxd5 31. Qc3 Qxc3 32. bxc3 Rd2 33. Bd1 Kg7
34. Re2 Kf6 35. Rxe3 Rh2 36. g4 Be6 37. Kb2 Rf2 38. a4 Rf4 39. Rf3 Bd5 40. Rd3
Bc6 41. Rd4 Ke5 42. a5 Rxd4 43. cxd4+ Kxd4 44. Kb3 Ke3 45. c4 Bf3 46. Bxf3 Kxf3
47. Kb4 Kxg4 48. a6 bxa6 49. Ka5 Kf4 50. Kxa6 g4 51. Kb7 Ke5 0-1

[Event "C.to Provinciale BG"]
[Site "Treviglio ITA"]
[Date "2014.01.19"]
[Round "3"]
[White "Andolfatto, Maria"]
[Black "Villa, Giorgio"]
[WhiteElo "1493"]
[BlackElo "1963"]
[Result "0-1"]
[PlyCount "90"]
[EventDate "2014.01.18"]

1. e4 c6 2. d4 d5 3. exd5 cxd5 4. Bf4 Nc6 5. Nf3 Bg4 6. c3 Nf6 7. Be2 e6 8.
Nbd2 Be7 9. O-O O-O 10. h3 Bh5 11. Ne5 Nxe5 12. Bxe5 Bg6 13. Nf3 a6 14. Nh4 Be4
15. Nf3 b5 16. a3 Nd7 17. Nd2 Nxe5 18. dxe5 Bg6 19. f4 f6 20. Nf3 Bc5+ 21. Kh1
Be4 22. Nd4 Qe7 23. Bf3 fxe5 24. fxe5 Bxf3 25. Rxf3 Bxd4 26. cxd4 Qh4 27. Rc3
Rf2 28. b4 Raf8 29. Rac1 Qe4 30. Qg4 Qxg4 31. hxg4 R8f4 32. Rc8+ Kf7 33. R8c7+
Kg6 34. R1c6 Rxg4 35. Rxe6+ Kh5 36. Rxa6 Rfxg2 37. Rc1 R2g3 38. Rc2 Rxd4 39. e6
Kg4 40. e7 Rd1+ 41. Kh2 Rh3+ 42. Kg2 Rdh1 43. Kf2 R1h2+ 44. Kf1 Rxc2 45. Kg1
Kf3 0-1

[Event "C.to Provinciale BG"]
[Site "Treviglio ITA"]
[Date "2014.01.19"]
[Round "3"]
[White "Biava, Pierluigi"]
[Black "Guerini, Sara"]
[WhiteElo "1691"]
[BlackElo "1754"]
[Result "0-1"]
[PlyCount "68"]
[EventDate "2014.01.18"]

1. f4 d5 2. Nf3 Nf6 3. e3 e6 4. d4 Nbd7 5. Bd3 b6 6. O-O Bb7 7. Qe2 Qc8 8. c4
c5 9. Nc3 Be7 10. Bd2 O-O 11. Rac1 Ne4 12. cxd5 exd5 13. Ne5 Ndf6 14. Rf3 Qd8
15. h3 Nh5 16. Be1 Bh4 17. Kh2 Bxe1 18. Qxe1 g6 19. g4 Ng7 20. g5 f6 21. gxf6
Nxf6 22. Qh4 Nfh5 23. Qxd8 Raxd8 24. Rg1 cxd4 25. Nxg6 hxg6 26. Bxg6 dxc3 27.
Bxh5 Kh8 28. Bg6 cxb2 29. Rf2 d4 30. e4 d3 31. Rxb2 Rxf4 32. e5 d2 33. Kg3 Rf3+
34. Kg4 d1=Q 0-1

[Event "C.to Provinciale BG"]
[Site "Treviglio ITA"]
[Date "2014.01.19"]
[Round "3"]
[White "Bonassi, Tommaso"]
[Black "Filice, Davide"]
[WhiteElo "1953"]
[BlackElo "1783"]
[Result "1-0"]
[PlyCount "45"]
[EventDate "2014.01.18"]

1. e4 c5 2. Nf3 e6 3. d4 cxd4 4. Nxd4 a6 5. Bd3 Nf6 6. Nc3 Qc7 7. O-O b5 8. Qe2
d6 9. f4 Nbd7 10. Kh1 Bb7 11. Nf3 Rc8 12. Bd2 Be7 13. Rad1 e5 14. Qf2 O-O 15.
Nh4 Rfe8 16. Nf5 Bf8 17. fxe5 Nxe5 18. Qg3 Kh8 19. Bg5 Ned7 20. Qh4 Re6 21. a3
Ne5 22. Nd4 Ng6 23. Nxe6 1-0

[Event "C.to Provinciale BG"]
[Site "Treviglio ITA"]
[Date "2014.01.19"]
[Round "3"]
[White "Catalano, Piero"]
[Black "Attuati, Luca"]
[WhiteElo "1700"]
[BlackElo "1519"]
[Result "1/2-1/2"]
[PlyCount "51"]
[EventDate "2014.01.18"]

1. e4 d5 2. exd5 Qxd5 3. Nc3 Qa5 4. b4 Qxb4 5. Rb1 Qd6 6. Nf3 Nf6 7. Bc4 e6 8.
O-O Be7 9. Nb5 Qd8 10. d4 a6 11. Nc3 b5 12. Bd3 O-O 13. Ne4 Nbd7 14. Bf4 Bb7
15. Nxf6+ Nxf6 16. Be5 h6 17. Qe2 c5 18. c4 Bxf3 19. Qxf3 bxc4 20. Bxc4 cxd4
21. Rb7 Nd5 22. Bxd5 exd5 23. Bxd4 Bg5 24. Qg3 Bf6 25. Be3 Bh4 26. Qg4 1/2-1/2

[Event "C.to Provinciale BG"]
[Site "Treviglio ITA"]
[Date "2014.01.19"]
[Round "3"]
[White "Cattaneo, Marco"]
[Black "Guerini, Silvia jr"]
[WhiteElo "2129"]
[BlackElo "1823"]
[Result "1-0"]
[PlyCount "57"]
[EventDate "2014.01.18"]

1. d4 d5 2. c4 e6 3. Nc3 Nf6 4. cxd5 exd5 5. Bg5 Be7 6. e3 c6 7. Qc2 Nbd7 8.
Bd3 O-O 9. Nf3 Re8 10. O-O h6 11. Bf4 Nf8 12. h3 Ne6 13. Bh2 Bd6 14. Ne5 Bc7
15. Rad1 Nd7 16. f4 Nef8 17. Qf2 Qf6 18. Nf3 Nb6 19. g4 Nc4 20. Rde1 Bd7 21.
Kh1 b6 22. e4 Na5 23. e5 Qe7 24. f5 Bc8 25. f6 Qd8 26. Qh4 Ng6 27. Qh5 Kh7 28.
Ng5+ Kg8 29. Bxg6 1-0

[Event "C.to Provinciale BG"]
[Site "Treviglio ITA"]
[Date "2014.01.19"]
[Round "3"]
[White "Colonetti, Fabio"]
[Black "Raimondi, Celso"]
[WhiteElo "1475"]
[BlackElo "1666"]
[Result "1/2-1/2"]
[PlyCount "97"]
[EventDate "2014.01.18"]

1. e4 c5 2. Nf3 d6 3. d4 cxd4 4. Nxd4 e6 5. c4 g6 6. Nc3 a6 7. Be3 Bg7 8. Be2
Nd7 9. O-O Ngf6 10. f3 O-O 11. Qd2 Qc7 12. Rfd1 Ne5 13. b3 Bd7 14. Bf4 Ne8 15.
Bh6 Bxh6 16. Qxh6 Qc5 17. Kh1 Nc6 18. Qd2 Qxd4 19. Qxd4 Nxd4 20. Rxd4 Bc6 21.
Rad1 f6 22. Kg1 Kf7 23. R4d2 Ke7 24. h3 Rd8 25. c5 Rd7 26. a4 dxc5 27. Bc4 Nc7
28. Kf2 Rfd8 29. Rxd7+ Rxd7 30. Rxd7+ Kxd7 31. Ke3 b5 32. axb5 axb5 33. Bd3 e5
34. g4 g5 35. Kd2 Kc8 36. Kc2 Kb7 37. Kb2 Kb6 38. Kc2 Ka5 39. Kb2 b4 40. Ne2
Nb5 41. Bc4 Nd4 42. Nxd4 cxd4 43. Kc2 h6 44. Kd2 Kb6 45. Kc2 Kc5 46. Kd2 Bd7
47. Kc2 Ba4 48. Kd3 Be8 49. Kc2 1/2-1/2

[Event "C.to Provinciale BG"]
[Site "Treviglio ITA"]
[Date "2014.01.19"]
[Round "3"]
[White "Ferrari, Paolo"]
[Black "Caldi, Irene"]
[WhiteElo "1661"]
[BlackElo "1715"]
[Result "0-1"]
[PlyCount "94"]
[EventDate "2014.01.18"]

1. d4 d5 2. c4 e6 3. Nc3 Nf6 4. Bg5 Be7 5. Nf3 Nbd7 6. e3 h6 7. Bh4 O-O 8. Qc2
b6 9. cxd5 exd5 10. Rc1 Bb7 11. Be2 Rc8 12. O-O c6 13. a3 c5 14. Rfd1 Ne4 15.
Bxe7 Qxe7 16. dxc5 Rxc5 17. Qd3 Rfc8 18. Nd2 Ne5 19. Qd4 Nxd2 20. Rxd2 Rc4 21.
Bxc4 Rxc4 22. Nxd5 Rxc1+ 23. Rd1 Rxd1+ 24. Qxd1 Qd6 25. e4 Kh8 26. Qh5 Bxd5 27.
exd5 Qxd5 28. Qe2 Qd3 29. Qe1 f6 30. h4 Qd4 31. h5 Qg4 32. Qc1 Qxh5 33. Qc7
Qd1+ 34. Kh2 Qd7 35. Qc2 Qd3 36. Qc8+ Kh7 37. Qe6 h5 38. f3 Qc2 39. Qh3 Kh6 40.
Qg3 Qd2 41. Qh3 Qxb2 42. Qc8 Nxf3+ 43. Kg3 Ne5 44. Qh8+ Kg6 45. Qe8+ Kg5 46.
Qa8 h4+ 47. Kh2 Ng4+ 0-1

[Event "C.to Provinciale BG"]
[Site "Treviglio ITA"]
[Date "2014.01.19"]
[Round "3"]
[White "Folcini, Gaddo"]
[Black "Oteri, Aldo"]
[WhiteElo "1579"]
[BlackElo "1799"]
[Result "1/2-1/2"]
[PlyCount "52"]
[EventDate "2014.01.18"]

1. e4 e6 2. d4 d5 3. e5 c5 4. c3 Nc6 5. Nf3 Qb6 6. Be2 Nh6 7. Bxh6 gxh6 8. O-O
cxd4 9. cxd4 Qxb2 10. Nbd2 Nxd4 11. Nxd4 Qxd4 12. Qb3 Qxd2 13. Bb5+ Kd8 14. Qf3
Bg7 15. Rfd1 Qa5 16. Rxd5+ Ke7 17. a4 f5 18. Qa3+ Kf7 19. Be8+ Rxe8 20. Rxa5
Bd7 21. Qd6 Bc6 22. Qc5 a6 23. Qe3 Bf8 24. Rb1 Rad8 25. g4 Bb4 26. Qxh6 Rd4
1/2-1/2

[Event "C.to Provinciale BG"]
[Site "Treviglio ITA"]
[Date "2014.01.19"]
[Round "3"]
[White "Leoni, Livio"]
[Black "Foglieni, Matteo"]
[WhiteElo "2052"]
[BlackElo "1853"]
[Result "0-1"]
[PlyCount "64"]
[EventDate "2014.01.18"]

1. e4 c6 2. d4 d5 3. e5 Bf5 4. h4 h5 5. c4 dxc4 6. Bxc4 e6 7. Bg5 Be7 8. Qd2
Nd7 9. Nc3 Nb6 10. Bb3 Bxg5 11. hxg5 Ne7 12. Nge2 Qc7 13. Ng3 O-O-O 14. Qf4 Bg6
15. O-O Nbd5 16. Qf3 Kb8 17. Rfd1 h4 18. Nge2 Nf5 19. Rac1 Qe7 20. Nxd5 cxd5
21. Qf4 Rh5 22. Rc3 Rc8 23. Rxc8+ Kxc8 24. Qc1+ Qc7 25. Qd2 Kb8 26. Rc1 Qd8 27.
f4 Ng3 28. Nc3 h3 29. Kh2 Ne4 30. Nxe4 hxg2+ 31. Kxg2 Bxe4+ 32. Kg3 Qh8 0-1

[Event "C.to Provinciale BG"]
[Site "Treviglio ITA"]
[Date "2014.01.19"]
[Round "3"]
[White "Maffeis, Fabio"]
[Black "Corbellini, Nicola"]
[WhiteElo "1490"]
[BlackElo "1938"]
[Result "0-1"]
[PlyCount "58"]
[EventDate "2014.01.18"]

1. d4 d5 2. c4 e6 3. Nc3 Nf6 4. Bg5 Nbd7 5. Nf3 c6 6. e3 Qa5 7. Nd2 Bb4 8. Qc2
O-O 9. Nb3 Qa4 10. Bd3 dxc4 11. Bxc4 Bxc3+ 12. Qxc3 Ne4 13. Qd3 Nxg5 14. h4 Ne4
15. Bxe6 Qb4+ 16. Ke2 Ndf6 17. Bxc8 Raxc8 18. g4 Rfe8 19. Rag1 Nd5 20. Qc2 c5
21. dxc5 Nxc5 22. Rc1 Qb5+ 23. Kf3 Nxb3 24. Qxc8 Nxc1 25. Rxc1 Nf6 26. Qc2 Qd5+
27. Ke2 Qxa2 28. Rg1 Qa6+ 29. Ke1 Qa1+ 0-1

[Event "C.to Provinciale BG"]
[Site "Treviglio ITA"]
[Date "2014.01.19"]
[Round "3"]
[White "Mansueti, Marco"]
[Black "Rossetti, Dario"]
[WhiteElo "1865"]
[BlackElo "1431"]
[Result "1-0"]
[PlyCount "70"]
[EventDate "2014.01.18"]

1. e4 e6 2. d4 d5 3. Nc3 c6 4. Nf3 Nd7 5. Be3 Bb4 6. e5 f5 7. Ng5 Nf8 8. h4 Be7
9. Qd2 Bd7 10. Be2 h5 11. Qd1 g6 12. a3 Nh7 13. Bxh5 Nxg5 14. hxg5 Kf8 15. f4
Be8 16. g4 fxg4 17. Qxg4 Qd7 18. O-O-O Rxh5 19. Rxh5 gxh5 20. Qh3 Bg6 21. Ne2
Ke8 22. Ng3 Kd8 23. Nxh5 Bxh5 24. Qxh5 Qe8 25. Qh7 Qf8 26. Rf1 Bxg5 27. Qxb7
Rc8 28. Qxa7 Ne7 29. Qa6 Bh6 30. Bd2 Nf5 31. Ba5+ Ke8 32. Qxc8+ Kf7 33. Qxf8+
Kxf8 34. Bc3 Ng3 35. Rf3 Bxf4+ 1-0

[Event "C.to Provinciale BG"]
[Site "Treviglio ITA"]
[Date "2014.01.19"]
[Round "3"]
[White "Ranfagni, Stefano"]
[Black "Ventura, Salvatore"]
[WhiteElo "2005"]
[BlackElo "2045"]
[Result "1-0"]
[PlyCount "87"]
[EventDate "2014.01.18"]

1. e4 c5 2. Nc3 Nc6 3. g3 g6 4. Bg2 Bg7 5. d3 d6 6. Be3 Nf6 7. h3 O-O 8. Qd2
Rb8 9. f4 Bd7 10. Nf3 b5 11. O-O b4 12. Ne2 a5 13. g4 a4 14. f5 Re8 15. Bh6 Bh8
16. Ng3 Bc8 17. Ng5 Ne5 18. Nf3 Nfd7 19. Rab1 Ba6 20. fxg6 hxg6 21. Ng5 b3 22.
axb3 axb3 23. c4 Bb7 24. Rf2 Nf6 25. Rbf1 Ra8 26. Ne2 Qa5 27. Nc3 Nexg4 28.
hxg4 Nxg4 29. Qf4 Nxh6 30. Nxf7 Bg7 31. Nxh6+ Kh7 32. Qh4 Bd4 33. Nf5+ Kg8 34.
Nxd4 cxd4 35. Rf7 Qh5 36. Qxh5 gxh5 37. Nd5 Bxd5 38. exd5 Ra2 39. R7f2 Kg7 40.
Be4 Kh6 41. Rg2 h4 42. Rf4 Kh5 43. Bg6+ Kh6 44. Bxe8 1-0

[Event "C.to Provinciale BG"]
[Site "Treviglio ITA"]
[Date "2014.01.19"]
[Round "3"]
[White "Scarabelli, Maurizio"]
[Black "Locatelli, Andrea"]
[WhiteElo "1791"]
[BlackElo "2110"]
[Result "0-1"]
[PlyCount "84"]
[EventDate "2014.01.18"]

1. e4 c5 2. Nf3 d6 3. d4 cxd4 4. Nxd4 Nf6 5. Nc3 a6 6. Be3 e5 7. Nb3 Be7 8. f3
Be6 9. Qd2 O-O 10. O-O-O Nbd7 11. g4 b5 12. g5 b4 13. Nd5 Nxd5 14. exd5 Bf5 15.
Qxb4 Bxg5 16. Bxg5 Qxg5+ 17. Qd2 Qf6 18. Bd3 Bxd3 19. Qxd3 a5 20. Nd2 Nc5 21.
Qe3 Rfc8 22. Ne4 Qe7 23. Rhg1 Nxe4 24. fxe4 Rc4 25. Rg2 Rac8 26. Rdg1 g6 27.
Re2 Qh4 28. Qg3 Rxe4 29. Qxh4 Rxh4 30. Rd1 f5 31. b3 Rh3 32. Rdd2 Rhc3 33. Kb2
f4 34. Rf2 Kf7 35. Ka3 Kf6 36. Ka4 R8c5 37. a3 Kf5 38. b4 axb4 39. axb4 Rc8 40.
b5 e4 41. Rd4 Rxc2 42. Rf1 Rb2 0-1

[Event "C.to Provinciale BG"]
[Site "Treviglio ITA"]
[Date "2014.01.25"]
[Round "4"]
[White "Attuati, Luca"]
[Black "Scarabelli, Maurizio"]
[WhiteElo "1519"]
[BlackElo "1791"]
[Result "0-1"]
[PlyCount "116"]
[EventDate "2014.01.18"]

1. e4 c5 2. Nf3 e6 3. Nc3 a6 4. a4 Nc6 5. Bc4 Qc7 6. O-O Nf6 7. Re1 d6 8. Bf1
Be7 9. d3 O-O 10. Bf4 e5 11. Bg5 Be6 12. h3 Rac8 13. Ne2 Qb6 14. b3 Nd4 15. Ng3
Qa5 16. Nh5 Qd8 17. c4 Nxh5 18. Bxe7 Qxe7 19. Nxd4 cxd4 20. Qxh5 f5 21. Rac1
fxe4 22. Rxe4 Rf5 23. Qe2 Rcf8 24. g4 R5f7 25. Bg2 Qh4 26. Rf1 Bd7 27. g5 Qxg5
28. Rg4 Bxg4 29. Qxg4 Qxg4 30. hxg4 Rf4 31. Bd5+ Kh8 32. f3 b6 33. Kg2 g6 34.
Rh1 Rb8 35. Be4 Kg7 36. Bc6 Rf7 37. Kg3 Rh8 38. g5 h6 39. Kg4 Rf4+ 40. Kg3 hxg5
41. Rxh8 Kxh8 42. b4 a5 43. bxa5 bxa5 44. Be8 Kg7 45. Bc6 Kh6 46. Be8 Rh4 47.
Kg2 Kg7 48. Bd7 Kf6 49. Bc8 Rh8 50. Bd7 Rd8 51. Bc6 Rc8 52. Bb5 Rb8 53. Kg3 Rb7
54. Kg2 Kf5 55. Kg3 Rh7 56. Bc6 Rh1 57. Bd5 Kf6 58. Kg2 Ra1 0-1